Catálogo público

Diagnóstico agroindustrial / (Record no. 171615)

MARC details
000 -CABECERA
campo de control de longitud fija 01460nam a2200337Ia 4500
001 - NÚMERO DE CONTROL
campo de control dia_1068
003 - IDENTIFICADOR DEL NÚMERO DE CONTROL
campo de control CHAP
005 - FECHA Y HORA DE LA ÚLTIMA TRANSACCIÓN
campo de control 20251127091523.0
008 - DATOS DE LONGITUD FIJA--INFORMACIÓN GENERAL
campo de control de longitud fija 220117s1982 xx 000 0 und d
010 ## - NÚMERO DE CONTROL DE LA BIBLIOTECA DEL CONGRESO
Número de control de LC 171615
040 ## - FUENTE DE LA CATALOGACIÓN
Centro/agencia transcriptor CHAP
082 ## - NÚMERO DE LA CLASIFICACIÓN DECIMAL DEWEY
Número de clasificación 338.7664 M49 1982
110 ## - ENTRADA PRINCIPAL--NOMBRE DE ENTIDAD CORPORATIVA
Nombre de entidad corporativa o nombre de jurisdicción como elemento de entrada México. Secretaría de Agricultura y Recursos Hidráulicos
9 (RLIN) 76864
245 ## - MENCIÓN DE TÍTULO
Título Diagnóstico agroindustrial /
Mención de responsabilidad, etc. Secretaría de Agricultura y Recursos Hidráulicos. Coordinación General de Desarrollo Agroindustrial
260 ## - PUBLICACIÓN, DISTRIBUCIÓN, ETC.
Lugar de publicación, distribución, etc. México :
Nombre del editor, distribuidor, etc. SARH,
Fecha de publicación, distribución, etc. 1982
300 ## - DESCRIPCIÓN FÍSICA
Extensión v.
410 ## - MENCIÓN DE SERIE/PUNTO DE ACCESO ADICIONAL--ENTIDAD CORPORATIVA [OBSOLETO, CAN/MARC], [LOCAL, USA]
Nombre de entidad corporativa o nombre de jurisdicción como elemento de entrada LA BIBLIOTECA TIENE V.18 ESTADO DE MEXICO, V22. ESTADO DE SONORA, V.24 MICHOACAN
440 ## - MENCIÓN DE SERIE/PUNTO DE ACCESO ADICIONAL--TÍTULO
Título Documentos Técnicos para el Desarrollo Agroindustrial
9 (RLIN) 33294
500 ## - NOTA GENERAL
Nota general La biblioteca tiene los v. 17, 18, 22, 23 y 24
503 ## - NOTA DE HISTORIA BIBLIOGRÁFICA (BK CF MU) [OBSOLETO]
Nota de historia bibliográfica D (ej.1 v.17) \ D (ej.3 v.18) \ D (ej.3 v.22) \ D (ej.1 v.23) \ D (ej.2 v.24)
504 ## - NOTA DE BIBLIOGRAFÍA, ETC.
Nota de bibliografía, etc. Incluyen bibliografías
505 ## - NOTA DE CONTENIDO CON FORMATO
Nota de contenido con formato v. 17. Veracruz \ v. 18. Estado de México \ v. 22. Sonora \ v. 23. Chihuahua \ v. 24. Michoacán
590 ## - NOTA LOCAL (RLIN)
Nota local HD9000 M49 1982
650 #0 - PUNTO DE ACCESO ADICIONAL DE MATERIA--TÉRMINO DE MATERIA
Término de materia o nombre geográfico como elemento de entrada Agricultural industry
Subdivisión general Economical aspects
Subdivisión geográfica Mexico
9 (RLIN) 148756
650 ## - PUNTO DE ACCESO ADICIONAL DE MATERIA--TÉRMINO DE MATERIA
Término de materia o nombre geográfico como elemento de entrada Industria agrícola
Subdivisión general Aspectos económicos
-- México
9 (RLIN) 148738
710 ## - PUNTO DE ACCESO ADICIONAL--NOMBRE DE ENTIDAD CORPORATIVA
Nombre de entidad corporativa o nombre de jurisdicción como elemento de entrada Secretaría de Agricultura y Recursos Hidráulicos (México)
9 (RLIN) 149939
901 ## - ELEMENTOS DE DATOS A LOCAL LDA (RLIN)
a 338.7664 M49 1982
902 ## - ELEMENTOS DE DATOS B LOCAL, LDB (RLIN)
a M
905 ## - ELEMENTOS DE DATOS E LOCAL, LDE (RLIN)
a 5222271982 MX abmn8225223322SPA16
942 ## - ELEMENTOS DE PUNTO DE ACCESO ADICIONAL (KOHA)
Tipo de ítem Koha Libro
Fuente del sistema de clasificación o colocación Dewey Decimal Classification
Holdings
Estado de retiro Estado de pérdida Fuente del sistema de clasificación o colocación Estado dañado No para préstamo Código de colección Localización permanente Ubicación/localización actual Fecha de adquisición Información codificada de la localización en otra ubicación Enumeración/cronología de publicación seriada Total de préstamos Signatura topográfica completa Código de barras Fecha visto por última vez Número de copia Precio válido a partir de Tipo de ítem Koha
    Dewey Decimal Classification     General Ingenieria Agroindustrial Ingenieria Agroindustrial 18/01/2022 1 Volumen: 24   338.7664 M49 1982 dia_002223 18/01/2022 2 18/01/2022 Libro
    Dewey Decimal Classification     General Ingenieria Agroindustrial Ingenieria Agroindustrial 18/01/2022 1 Volumen: 18   338.7664 M49 1982 dia_002116 18/01/2022 1 18/01/2022 Libro
    Dewey Decimal Classification     General Ingenieria Agroindustrial Ingenieria Agroindustrial 18/01/2022 1 Volumen: 18   338.7664 M49 1982 dia_002117 18/01/2022 2 18/01/2022 Libro
    Dewey Decimal Classification     General Ingenieria Agroindustrial Ingenieria Agroindustrial 18/01/2022 1 Volumen: 22   338.7664 M49 1982 dia_002239 18/01/2022 2 18/01/2022 Libro
    Dewey Decimal Classification     General Ingenieria Agroindustrial Ingenieria Agroindustrial 18/01/2022 1 Volumen: 22   338.7664 M49 1982 dia_002240 18/01/2022 1 18/01/2022 Libro
    Dewey Decimal Classification     General Ingenieria Agroindustrial Ingenieria Agroindustrial 18/01/2022 1 Volumen: 24   338.7664 M49 1982 dia_002572 18/01/2022 1 18/01/2022 Libro
    Dewey Decimal Classification     General Ingenieria Agroindustrial Ingenieria Agroindustrial 18/01/2022 1 Volumen: 17   338.7664 M49 1982 dia_002174 18/01/2022 1 18/01/2022 Libro
    Dewey Decimal Classification     General Ingenieria Agroindustrial Ingenieria Agroindustrial 18/01/2022 1 Volumen: 18   338.7664 M49 1982 dia_002178 18/01/2022 3 18/01/2022 Libro
    Dewey Decimal Classification     General Ingenieria Agroindustrial Ingenieria Agroindustrial 18/01/2022 1 Volumen: 22   338.7664 M49 1982 dia_002179 18/01/2022 3 18/01/2022 Libro
    Dewey Decimal Classification     General Ingenieria Agroindustrial Ingenieria Agroindustrial 18/01/2022 1 Volumen: 23   338.7664 M49 1982 dia_002184 18/01/2022 1 18/01/2022 Libro